عين المسيح الدجال بين اللغز و الحقيقة : (رقم التسجيلة. 134934)

تفاصيل مارك
000 -الفاتح
عناصر البيانات ثابتة الطول 00880cam a2200205 i 4500
005 - تاريخ ووقت آخر معاملة
حقل ضبط 20251204095413.0
008 - عناصر البيانات ثابتة الطول
عناصر البيانات ثابتة الطول 250721s2015 sy gr 000 0 ara d
082 14 - رقم تصنيف ديوي العشري
رقم التصنيف 214.5
رقم المادة م ر ع
100 1# - مدخل رئيسي – اسم شخصي
الاسم الشخصي مرعي، أسامة حامد.
علاقة الشخص بالعمل/ دوره مؤلف.
245 10 - بيان العنوان
العنوان عين المسيح الدجال بين اللغز و الحقيقة :
بقية العنوان العين الصناعية المفاجأة العلمية المذهلة في حل لغز عين المسيح الدجال /
بيان المسؤولية تاليف اسامة حامد مرعي.
250 ## - بيان الطبعة
بيان الطبعة الطبعة الاولى.
264 31 - بيانات النشر، التوزيع…إلخ
مكان النشر، التوزيع...إلخ دمشق :
اسم الناشر، الموزع...إلخ دار الكتاب العربي،
تاريخ النشر، التوزيع...إلخ 2015.
300 ## - الوصف المادي
عدد الوحدات المكونة للوعاء 296 صفحة.
650 17 - مدخل إضافي بالموضوع - مصطلح موضوعي
مصطلح موضوعي أو اسم جغرافي كعنصر مدخل اليوم الآخر.
650 17 - مدخل إضافي بالموضوع - مصطلح موضوعي
مصطلح موضوعي أو اسم جغرافي كعنصر مدخل العقيدة الدينية.
653 ## - رأس موضوع – غير مقيد
المصطلح / رأس الموضوع غير المقيد المسيح الدجال
700 1# - مدخل إضافي - اسم شخصي
الاسم الشخصي عبد الحكيم، منصور.
علاقة الشخص بالعمل/ دوره مراجع.
942 ## - بيانات إضافية (كوها)
نوع التنصيف Dewey Decimal Classification
نوع المادة (كوها) كتب
المقتنيات
حالة السحب حالة الفقدان مصدر التصنيف حالة التلف غير قابل للإعارة المكتبة الرئيسية المكتبة الحالية موقع الرف تاريخ التزويد الرقم المتسلسل Total Checkouts رقم الإستدعاء الباركود تاريخ آخر ظهور تاريخ الفاتورة نوع المادة (كوها)
    Dewey Decimal Classification     المكتبة المركزية المكتبة المركزية الإعارة 28/07/2025 1630205   214.5 / م ر ع PLD00384732 28/07/2025 28/07/2025 كتب
    Dewey Decimal Classification     مكتبة أبو علندا العامة مكتبة أبو علندا العامة الإعارة 06/04/2016 1630209   214.5/مرع PLD00385220 28/07/2025 06/04/2016 كتب
    Dewey Decimal Classification     مكتبة الجويدة مكتبة الجويدة الإعارة 06/04/2016 1630206   214.5/مرع PLD00385217 28/07/2025 06/04/2016 كتب
    Dewey Decimal Classification     مكتبة وادي السير العامة مكتبة وادي السير العامة الإعارة 06/04/2016 1630208   214.5/مرع PLD00385219 28/07/2025 06/04/2016 كتب
Implemented & Customized by: BBB with SCIT (Smart Chains for Information Technology)

Powered by Koha